| 000 | 00511nam a22001811a 4500 | ||
|---|---|---|---|
| 001 | 930 | ||
| 003 | OSt | ||
| 005 | 20260204211715.0 | ||
| 008 | 040115s2001||||dr ||||||b||||||||||spa|| | ||
| 050 | _aRD 729 G91 | ||
| 082 | _aRD 729 G91 | ||
| 100 | _aGrullón de Martínez, Maritza | ||
| 245 | _aEl libro del interiorista: guía para el diseñador de interiores / Maritza Grullón de Martínez | ||
| 264 | _aSanto Domingo : [s.n.] | ||
| 300 | _a102 p. | ||
| 650 | _a1.Diseño ArquitectónicoÌ | ||
| 942 |
_2ddc _cBK |
||
| 999 |
_c930 _d930 |
||